[Event "BL 8687 Lasker-Bayern"]
[Site "?"]
[Date "1986.??.??"]
[Round "?.5"]
[White "Hertneck, G."]
[Black "Cladouras, P."]
[Result "0-1"]
[WhiteElo "2440"]
[BlackElo "2325"]
[PlyCount "88"]
[EventDate "1986.??.??"]

1. c4 Nf6 2. g3 g6 3. Bg2 Bg7 4. Nc3 O-O 5. d4 d6 6. Nf3 c6 7. h3 Nbd7 8. O-O
e5 9. Be3 Re8 10. Rc1 h6 11. a3 Qc7 12. d5 c5 13. b4 a6 14. Nd2 b6 15. Nb3 Rb8
16. Na4 Kh7 17. Bd2 h5 18. Rb1 e4 19. bxc5 bxc5 20. Ba5 Qa7 21. e3 Ne5 22. Nd2
Rxb1 23. Qxb1 Bf5 24. Qd1 Qd7 25. Kh2 Rb8 26. Nb6 Qc7 27. Qb3 Qa7 28. f4 exf3
29. Nxf3 Nxf3+ 30. Rxf3 Ne4 31. Qd1 Rxb6 32. Bxb6 Qxb6 33. Rxf5 gxf5 34. Qxh5+
Kg8 35. Qxf5 Nf6 36. Qc8+ Bf8 37. e4 Qb2 38. Qxa6 Nxe4 39. Qc8 Nf6 40. a4 Qa2
41. Qa6 Qa3 42. g4 Qe3 43. a5 Bh6 44. Bf3 Qf2+ 0-1

[Event "BL 8687 Lasker-Bayern"]
[Site "?"]
[Date "1986.??.??"]
[Round "?.6"]
[White "Paulsen, D."]
[Black "Hickl, J."]
[Result "0-1"]
[WhiteElo "2345"]
[BlackElo "2430"]
[PlyCount "58"]
[EventDate "1986.??.??"]

1. e4 g6 2. d4 Bg7 3. Nc3 d6 4. h3 a6 5. g3 b5 6. Bg2 Bb7 7. Nge2 Nd7 8. O-O e5
9. f4 b4 10. Nd5 Bxd5 11. exd5 exf4 12. Nxf4 Ne7 13. Ne6 fxe6 14. dxe6 Nf6 15.
Bxa8 Qxa8 16. Qf3 Qd5 17. Qxd5 Nfxd5 18. a3 Bxd4+ 19. Kh2 b3 20. cxb3 Nf5 21.
Bf4 Ke7 22. Bg5+ Kxe6 23. Rae1+ Be5 24. Bf4 Rb8 25. b4 a5 26. Re4 axb4 27. Bxe5
dxe5 28. Rfe1 bxa3 29. Rxe5+ Kd6 0-1

[Event "BL 8687 Lasker-Bayern"]
[Site "?"]
[Date "1986.??.??"]
[Round "?.7"]
[White "Klundt, K."]
[Black "Schacht, H."]
[Result "1/2-1/2"]
[WhiteElo "2375"]
[BlackElo "2280"]
[PlyCount "59"]
[EventDate "1986.??.??"]

1. e4 c5 2. Nf3 d6 3. d4 cxd4 4. Nxd4 Nf6 5. Nc3 g6 6. f4 Nc6 7. Nxc6 bxc6 8.
e5 Nd7 9. exd6 exd6 10. Be3 Be7 11. Be2 O-O 12. O-O Nf6 13. Bf3 d5 14. Qd2 Bg4
15. Bd4 Bxf3 16. Rxf3 Ne4 17. Nxe4 dxe4 18. Rf2 f5 19. Qc3 Qd5 20. Rd2 Qe6 21.
Rad1 a5 22. Bc5 Bf6 23. Qe3 Rfd8 24. Rd6 Qc4 25. Qb3 Qxb3 26. Rxd8+ Rxd8 27.
Rxd8+ Bxd8 28. axb3 Kf7 29. Kf2 Ke6 30. Ke3 1/2-1/2

[Event "BL 8687 Solingen-Regensburg"]
[Site "?"]
[Date "1986.??.??"]
[Round "?.2"]
[White "Short, N."]
[Black "Mandl, Ro"]
[Result "1-0"]
[WhiteElo "2615"]
[BlackElo "2285"]
[PlyCount "53"]
[EventDate "1986.??.??"]

1. e4 c5 2. Nf3 d6 3. d4 cxd4 4. Nxd4 Nf6 5. Nc3 g6 6. Be3 Bg7 7. f3 Nc6 8. Qd2
O-O 9. Bc4 Bd7 10. h4 Rc8 11. Bb3 h5 12. O-O-O Ne5 13. Bg5 Rc5 14. Kb1 b5 15.
g4 hxg4 16. h5 Nxh5 17. Nd5 Re8 18. Rxh5 gxh5 19. Qh2 Rxd5 20. Bxd5 Qb6 21.
Qxh5 e6 22. Bb3 a5 23. f4 Nc4 24. Bh6 Qxd4 25. Rxd4 Bxd4 26. Bxc4 bxc4 27. e5
1-0

[Event "BL 8687 Solingen-Regensburg"]
[Site "?"]
[Date "1986.??.??"]
[Round "?.6"]
[White "Ostermeyer, P."]
[Black "Meister, P."]
[Result "1/2-1/2"]
[WhiteElo "2455"]
[BlackElo "2355"]
[PlyCount "93"]
[EventDate "1986.??.??"]

1. d4 d5 2. Nf3 Nf6 3. c4 dxc4 4. e3 Bg4 5. Bxc4 e6 6. O-O a6 7. h3 Bh5 8. Nc3
Nc6 9. Be2 Bd6 10. Nd2 Bg6 11. Nc4 O-O 12. Bf3 Qe7 13. b3 Rfd8 14. Qe2 e5 15.
d5 Bb4 16. dxc6 b5 17. Qb2 bxc4 18. bxc4 Bd3 19. Nd5 Nxd5 20. Bxd5 Bxf1 21.
Kxf1 Rab8 22. Rb1 Rb6 23. Qc2 Rdb8 24. Rb3 Bd6 25. Bd2 Rxb3 26. axb3 Bb4 27.
Bc1 Ba5 28. c5 Bb4 29. Bb2 Re8 30. Qf5 Bxc5 31. g4 a5 32. Bc3 Bb4 33. Bb2 g6
34. Qe4 Kf8 35. Kg2 Qg5 36. Bc4 Qf6 37. f4 Bd6 38. Qd5 h5 39. Bc3 hxg4 40. hxg4
Re7 41. Qf3 g5 42. fxe5 Qxf3+ 43. Kxf3 Bxe5 44. Bxa5 Bd6 45. Bc3 Re8 46. Bf6
Be7 47. Be5 1/2-1/2

[Event "BL 8687 Bochum-Bamberg"]
[Site "?"]
[Date "1986.??.??"]
[Round "?.4"]
[White "Beckemeyer, W."]
[Black "Ruehrig, V."]
[Result "1/2-1/2"]
[WhiteElo "2315"]
[BlackElo "2335"]
[PlyCount "102"]
[EventDate "1986.??.??"]

1. e4 Nf6 2. e5 Nd5 3. d4 d6 4. Be2 g6 5. Nf3 Bg7 6. O-O O-O 7. c4 Nb6 8. Nc3
Bg4 9. Be3 Nc6 10. exd6 cxd6 11. b3 f5 12. Ng5 Bxe2 13. Nxe2 Qd7 14. d5 Nd8 15.
Bd4 h6 16. Bxg7 Kxg7 17. Qd4+ Rf6 18. h4 e5 19. dxe6 Nxe6 20. Nxe6+ Qxe6 21.
Rfe1 Re8 22. h5 Qe5 23. hxg6 Rfe6 24. Red1 Rxg6 25. Ng3 Kf7 26. Qd3 f4 27. Qf3
d5 28. Re1 Qg5 29. Nh5 Reg8 30. g3 Rf8 31. Nxf4 Kg8 32. Kf1 dxc4 33. Qe4 Rgf6
34. bxc4 h5 35. Re2 h4 36. Ne6 Rxf2+ 37. Rxf2 Rxf2+ 38. Kxf2 Qf6+ 39. Kg2 Qxa1
40. Qg6+ Kh8 41. Ng5 Qg7 42. Qe8+ Qg8 43. Qh5+ Kg7 44. c5 hxg3 45. cxb6 Qxa2+
46. Kxg3 Qb3+ 47. Kf4 Qc4+ 48. Ne4 Qf1+ 49. Kg3 Qg1+ 50. Kf4 Qf1+ 51. Kg3 Qg1+
1/2-1/2

[Event "BL 8687 Bochum-Bamberg"]
[Site "?"]
[Date "1986.??.??"]
[Round "?.5"]
[White "Kestler, H."]
[Black "Backwinkel, P."]
[Result "1/2-1/2"]
[WhiteElo "2390"]
[BlackElo "2345"]
[PlyCount "28"]
[EventDate "1986.??.??"]

1. Nf3 d5 2. c4 e6 3. g3 c6 4. Bg2 Nd7 5. d3 Bd6 6. O-O Ngf6 7. Nc3 O-O 8. e4
dxc4 9. dxc4 Qc7 10. Qe2 e5 11. Nh4 Re8 12. Nf5 Bf8 13. Bg5 h6 14. Be3 Nc5
1/2-1/2

[Event "BL 8687 Regensburg-Bochum"]
[Site "?"]
[Date "1986.??.??"]
[Round "?.2"]
[White "Mandl, Ro"]
[Black "Thesing, M."]
[Result "1/2-1/2"]
[WhiteElo "2285"]
[BlackElo "2290"]
[PlyCount "127"]
[EventDate "1986.??.??"]

1. c4 Nf6 2. Nf3 c5 3. Nc3 b6 4. g3 Bb7 5. Bg2 e6 6. O-O a6 7. d4 cxd4 8. Qxd4
d6 9. Rd1 Be7 10. b3 Nbd7 11. e4 Qc8 12. Bb2 O-O 13. Nd2 Re8 14. Rac1 Bf8 15.
h3 Qc7 16. a3 Rac8 17. b4 Qb8 18. Qd3 Rcd8 19. Re1 Qa8 20. Qe2 Rc8 21. Kh2 Qb8
22. Nd1 Ba8 23. f4 g6 24. Nf2 Bg7 25. Nd3 e5 26. fxe5 Nxe5 27. Bxe5 dxe5 28.
Qe3 Red8 29. c5 bxc5 30. Nxc5 a5 31. Rb1 axb4 32. axb4 Rd4 33. Ndb3 Rd6 34. Nc1
Nd7 35. N1d3 Rd4 36. Nb3 Rdc4 37. Rec1 Qb6 38. Nbc5 Rxc1 39. Qxc1 Qd6 40. Qa3
Nb6 41. Qb3 Qd4 42. Nb2 Nd7 43. Nba4 Nxc5 44. Nxc5 Qd8 45. Rd1 Qe8 46. Bf1 Rd8
47. Bc4 Rxd1 48. Qxd1 Bf8 49. Bd5 Qb8 50. Nd7 Qd6 51. Nxf8 Kxf8 52. Qb3 Bxd5
53. exd5 Qb6 54. Qb2 f6 55. b5 Ke7 56. Qb4+ Kd7 57. Kg2 Qd6 58. Qc4 Qc7 59.
Qc6+ Qxc6 60. dxc6+ Kd6 61. Kf3 f5 62. Ke3 g5 63. g4 f4+ 64. Ke4 1/2-1/2

[Event "BL 8687 Regensburg-Bochum"]
[Site "?"]
[Date "1986.??.??"]
[Round "?.3"]
[White "Sonntag, H."]
[Black "Speckner, R."]
[Result "1/2-1/2"]
[WhiteElo "2295"]
[BlackElo "2205"]
[PlyCount "84"]
[EventDate "1986.??.??"]

1. d4 e6 2. c4 Nf6 3. Nc3 Bb4 4. e3 O-O 5. Bd3 d5 6. Nf3 c5 7. O-O Nc6 8. a3
Bxc3 9. bxc3 dxc4 10. Bxc4 b6 11. Bd3 Qc7 12. e4 e5 13. d5 Na5 14. c4 Bg4 15.
Bg5 Ne8 16. h3 Bxf3 17. gxf3 Nd6 18. Rc1 f5 19. exf5 Nxf5 20. Be4 Nb7 21. d6
Nfxd6 22. Qd5+ Kh8 23. Qxe5 Rae8 24. Qg3 Qc8 25. Rfe1 Nf5 26. Qg4 Nbd6 27. Bd5
Qa6 28. Kg2 h6 29. Bf4 Qxa3 30. Ra1 Qc3 31. Rxe8 Rxe8 32. Rxa7 Qf6 33. Rd7 Rf8
34. Bxd6 Nxd6 35. Be6 Nf7 36. f4 Ne5 37. fxe5 Qxf2+ 38. Kh1 Qe1+ 39. Qg1 Qe4+
40. Kh2 Qxe5+ 41. Kh1 Qe4+ 42. Kh2 Qe5+ 1/2-1/2

[Event "BL 8687 Regensburg-Bochum"]
[Site "?"]
[Date "1986.??.??"]
[Round "?.6"]
[White "Meister, P."]
[Black "Wiemer, R."]
[Result "1/2-1/2"]
[WhiteElo "2355"]
[BlackElo "2325"]
[PlyCount "65"]
[EventDate "1986.??.??"]

1. d4 Nf6 2. c4 e6 3. Nf3 b6 4. g3 Ba6 5. Qa4 Bb7 6. Bg2 c5 7. O-O cxd4 8. Nxd4
Bxg2 9. Kxg2 Be7 10. Nc3 O-O 11. Rd1 Qc7 12. e4 Rc8 13. b3 a6 14. Ba3 Bxa3 15.
Qxa3 Qb7 16. f3 b5 17. Qb4 Nc6 18. Nxc6 Qxc6 19. Rd4 Qc5 20. Qxc5 Rxc5 21. Rad1
Rac8 22. Rd6 bxc4 23. b4 R5c6 24. Rxc6 Rxc6 25. e5 Nd5 26. Nxd5 exd5 27. Rxd5
Rc7 28. Kf2 c3 29. Rd1 Kf8 30. Ke3 c2 31. Rc1 Rc4 32. Kd3 Rxb4 33. Rxc2 1/2-1/2

[Event "BL 8687 Bamberg-Solingen"]
[Site "?"]
[Date "1986.??.??"]
[Round "?.4"]
[White "Ruehrig, V."]
[Black "Lobron, E."]
[Result "1-0"]
[WhiteElo "2335"]
[BlackElo "2515"]
[PlyCount "95"]
[EventDate "1986.??.??"]

1. e4 c5 2. d3 e6 3. g3 d5 4. Nd2 Nc6 5. Bg2 g6 6. h4 Nf6 7. Nh3 Bg7 8. Nf4 h6
9. O-O O-O 10. Re1 Rb8 11. a3 d4 12. b4 cxb4 13. axb4 a6 14. e5 Nd7 15. Bxc6
bxc6 16. Nc4 Rb5 17. Ra5 Qc7 18. Qg4 Rxa5 19. bxa5 c5 20. Nxg6 fxg6 21. Qxg6
Rf7 22. Bxh6 Nf8 23. Qg4 Bb7 24. Nd6 Bf3 25. Qg5 Re7 26. Kh2 Bc6 27. f4 Qxa5
28. Re2 Ra7 29. f5 Qa1 30. Re4 Kh7 31. Bxg7 Rxg7 32. Qh5+ Kg8 33. f6 Rg6 34.
Nc8 Qf1 35. Ne7+ Kf7 36. Nxg6 Qf2+ 37. Kh3 Qf1+ 38. Kh2 Qf2+ 39. Kh3 Qf5+ 40.
Qxf5 exf5 41. Nh8+ Kg8 42. e6 fxe4 43. f7+ Kxh8 44. e7 Bd7+ 45. Kg2 Kg7 46.
e8=Q e3 47. Qe7 Bc6+ 48. Kf1 {ZÜ} 1-0

[Event "BL 8687 Bamberg-Solingen"]
[Site "?"]
[Date "1986.??.??"]
[Round "?.5"]
[White "Lau, R."]
[Black "Kestler, H."]
[Result "1-0"]
[WhiteElo "2455"]
[BlackElo "2390"]
[PlyCount "95"]
[EventDate "1986.??.??"]

1. e4 c5 2. Nf3 d6 3. c3 Nf6 4. Be2 g6 5. O-O Bg7 6. Re1 O-O 7. Bf1 Nc6 8. h3
e5 9. d3 Nh5 10. Be3 b6 11. d4 Bb7 12. dxc5 dxc5 13. Na3 Qe7 14. Nc4 Nf6 15.
Bg5 Rfd8 16. Qb3 h6 17. Bxf6 Bxf6 18. a4 Ba6 19. Ne3 Na5 20. Qa2 Bb7 21. Nc4
Nxc4 22. Bxc4 Kg7 23. Qb3 Bc6 24. Bb5 Bb7 25. Bc4 Bc6 26. Ba6 Rd6 27. Qc4 Rad8
28. Bb5 Bxb5 29. axb5 h5 30. g3 R8d7 31. Kg2 h4 32. g4 Bg5 33. Qe2 Bf4 34. Red1
Rxd1 35. Rxd1 Rxd1 36. Qxd1 Qe6 37. b3 c4 38. b4 g5 39. Kf1 Kf6 40. Ne1 Ke7 41.
Nc2 Qc8 42. Qd5 a6 43. Na3 axb5 44. Nxb5 Qd7 45. Qxc4 Qd1+ 46. Kg2 Qc2 47. Qc7+
Kf8 48. Nd6 1-0

[Event "BL 8687 Bamberg-Solingen"]
[Site "?"]
[Date "1986.??.??"]
[Round "?.7"]
[White "Dueball, J."]
[Black "Kurz, A."]
[Result "1-0"]
[WhiteElo "2445"]
[BlackElo "2290"]
[PlyCount "43"]
[EventDate "1986.??.??"]

1. e4 c5 2. Nf3 d6 3. d4 cxd4 4. Nxd4 Nf6 5. Nc3 g6 6. Be3 Bg7 7. Qd2 Nc6 8. f3
O-O 9. g4 Be6 10. O-O-O Ne5 11. Kb1 b5 12. Bxb5 Rb8 13. g5 Nxf3 14. Nxf3 Nxe4
15. Nxe4 Rxb5 16. Bd4 Qa8 17. Bxg7 Kxg7 18. Nd4 Re5 19. Nxe6+ Rxe6 20. Qd4+ Kg8
21. Rhe1 Rc8 22. h4 1-0

[Event "BL 8687 Enger-Karlsruhe"]
[Site "?"]
[Date "1986.??.??"]
[Round "?.2"]
[White "Fleck, J."]
[Black "Arnold, L."]
[Result "1-0"]
[WhiteElo "2390"]
[BlackElo "2305"]
[PlyCount "62"]
[EventDate "1986.??.??"]

1. e4 c5 2. Nf3 Nf6 3. Nc3 Nc6 4. d4 d5 5. exd5 Nxd5 6. dxc5 Nxc3 7. Qxd8+ Kxd8
8. bxc3 f6 9. Be3 e5 10. Nd2 Ne7 11. Ne4 Nf5 12. Bc4 Kc7 13. Bd2 Nh4 14. O-O
Bf5 15. Nd6 Bxd6 16. cxd6+ Kxd6 17. f4 Rac8 18. fxe5+ fxe5 19. Bb3 Bg6 20. Rad1
Kc6 21. Bg5 Nf5 22. Bd5+ Kc7 23. Be6 Nd6 24. Be7 Ne4 25. Bxc8 Rxc8 26. Rd5 Nxc3
27. Rxe5 Re8 28. Rc5+ Kd7 29. Rxc3 Rxe7 30. Rd1+ Ke8 31. Rc8+ Kf7 1-0

[Event "BL 8687 Enger-Karlsruhe"]
[Site "?"]
[Date "1986.??.??"]
[Round "?.3"]
[White "Werner, C."]
[Black "Stertenbrink, G."]
[Result "1/2-1/2"]
[WhiteElo "2225"]
[BlackElo "2225"]
[PlyCount "105"]
[EventDate "1986.??.??"]

1. e4 e5 2. Nf3 d6 3. d4 exd4 4. Qxd4 Nc6 5. Bb5 Bd7 6. Bxc6 Bxc6 7. Bg5 f6 8.
Be3 g6 9. Nc3 Nh6 10. Qc4 Nf7 11. Nd4 Qd7 12. Nd5 Bxd5 13. exd5 Nd8 14. Qe2 Bg7
15. O-O O-O 16. f4 f5 17. Qd3 Re8 18. c3 c5 19. Nf3 Nf7 20. Rfe1 Nh6 21. h3 Bf6
22. Bd2 a6 23. b3 Rxe1+ 24. Rxe1 Re8 25. Kf1 Rxe1+ 26. Kxe1 Qe8+ 27. Qe2 Kf8
28. Qxe8+ Kxe8 29. a4 b5 30. axb5 axb5 31. c4 b4 32. Ke2 Nf7 33. Be1 h6 34. Bd2
Ke7 35. Be1 g5 36. Ke3 Nh8 37. fxg5 hxg5 38. g4 fxg4 39. hxg4 Nf7 40. Bg3 Bb2
41. Ke4 Kf6 42. Ne1 Be5 43. Bf2 Nh6 44. Kf3 Nf7 45. Nd3 Bc3 46. Bg3 Ne5+ 47.
Bxe5+ Bxe5 48. Ke4 Bg3 49. Nc1 Be5 50. Ne2 Bh2 51. Nc1 Be5 52. Nd3 Bg3 53. Nb2
1/2-1/2

[Event "BL 8687 Porz-Sindelfingen"]
[Site "?"]
[Date "1986.??.??"]
[Round "?.1"]
[White "Fahnenschmidt, G."]
[Black "Hort, V."]
[Result "0-1"]
[WhiteElo "2340"]
[BlackElo "2545"]
[PlyCount "148"]
[EventDate "1986.??.??"]

1. d4 Nf6 2. c4 g6 3. Nc3 d5 4. Nf3 Bg7 5. Bg5 Ne4 6. cxd5 Nxg5 7. Nxg5 e6 8.
Nf3 exd5 9. b4 Qd6 10. a3 O-O 11. e3 c6 12. Be2 Nd7 13. Qb3 Nf6 14. O-O Be6 15.
Rac1 Ne4 16. Rfd1 f5 17. b5 Rac8 18. bxc6 bxc6 19. Na4 f4 20. Nc5 Rb8 21. Qc2
fxe3 22. fxe3 Bf5 23. Nxe4 Bxe4 24. Qxc6 Qxc6 25. Rxc6 Bh6 26. Rc3 Rbc8 27.
Rxc8 Rxc8 28. Ne1 Bxe3+ 29. Kf1 Rb8 30. Nd3 Bxd4 31. Bf3 Bxf3 32. gxf3 Be3 33.
Nb4 d4 34. Nc2 Rb2 35. Nxe3 dxe3 36. Rd8+ Kg7 37. Rd7+ Kh6 38. Rxa7 Rxh2 39.
Re7 Rf2+ 40. Kg1 Rxf3 41. Kg2 Rf2+ 42. Kg3 Rb2 43. Rxe3 Kh5 44. Kf3 g5 45. Kg3
h6 46. Rc3 Ra2 47. Rb3 Ra1 48. Rc3 Rg1+ 49. Kh2 Rg4 50. Kh3 Rh4+ 51. Kg3 Rd4
52. Rb3 Rg4+ 53. Kf3 Rf4+ 54. Kg3 Kg6 55. Rb8 Rf6 56. a4 Rf4 57. a5 Ra4 58. Ra8
Ra3+ 59. Kf2 Kh5 60. a6 Kg4 61. a7 h5 62. Kg2 Ra2+ 63. Kf1 Kh4 64. Kg1 Kg3 65.
Rf8 Rxa7 66. Rf1 h4 67. Kh1 g4 68. Kg1 Kh3 69. Kh1 g3 70. Rb1 Ra4 71. Rc1 Rd4
72. Kg1 Kg4 73. Kf1 h3 74. Kg1 h2+ 0-1

[Event "BL 8687 Porz-Sindelfingen"]
[Site "?"]
[Date "1986.??.??"]
[Round "?.2"]
[White "Heinbuch, D."]
[Black "Kabisch, T."]
[Result "1-0"]
[WhiteElo "2425"]
[BlackElo "2270"]
[PlyCount "59"]
[EventDate "1986.??.??"]

1. c4 Nf6 2. Nc3 g6 3. g3 Bg7 4. Bg2 O-O 5. e4 d6 6. Nge2 c5 7. O-O Nc6 8. Rb1
Nd7 9. a3 Nd4 10. d3 Nxe2+ 11. Nxe2 Rb8 12. b4 b6 13. f4 f5 14. Bb2 e5 15. Qb3
Bb7 16. Rbe1 Qc7 17. Nc3 Rbc8 18. Nd5 Bxd5 19. cxd5 fxe4 20. dxe4 c4 21. Qc3 b5
22. Bh3 Rf6 23. Qc1 Re8 24. Bc3 Nb6 25. Be6+ Kh8 26. fxe5 dxe5 27. Rxf6 Bxf6
28. Rf1 Qg7 29. Qa1 Na4 30. Rxf6 1-0

[Event "BL 8687 Porz-Sindelfingen"]
[Site "?"]
[Date "1986.??.??"]
[Round "?.3"]
[White "Bialas, W."]
[Black "Schulz, KJ."]
[Result "1/2-1/2"]
[WhiteElo "2345"]
[BlackElo "2440"]
[PlyCount "42"]
[EventDate "1986.??.??"]

1. g3 g6 2. Bg2 Bg7 3. d4 d5 4. Nf3 Nf6 5. O-O O-O 6. c4 c6 7. b3 Bf5 8. Bb2
Qc8 9. Re1 Na6 10. cxd5 cxd5 11. Nc3 Qe6 12. Ne5 Rfd8 13. e3 h5 14. Nd3 Bxd3
15. Qxd3 Nb4 16. Qb1 Qf5 17. Re2 Rac8 18. Rd2 Qxb1+ 19. Rxb1 e6 20. a3 Nc6 21.
b4 Ne7 1/2-1/2

[Event "BL 8687 Porz-Sindelfingen"]
[Site "?"]
[Date "1986.??.??"]
[Round "?.4"]
[White "Dresen, U."]
[Black "Gruenenwald, J."]
[Result "1/2-1/2"]
[WhiteElo "2360"]
[BlackElo "2290"]
[PlyCount "36"]
[EventDate "1986.??.??"]

1. c4 g6 2. Nc3 Bg7 3. g3 d6 4. Bg2 e5 5. e3 Nc6 6. Nge2 h5 7. h3 h4 8. g4 f5
9. gxf5 Bxf5 10. d4 exd4 11. exd4 Qd7 12. Be3 Nb4 13. Ne4 Nf6 14. N2c3 Nxe4 15.
Nxe4 Nc6 16. Qd2 Qe7 17. f3 Qf7 18. Rc1 O-O-O 1/2-1/2

[Event "BL 8687 Porz-Sindelfingen"]
[Site "?"]
[Date "1986.??.??"]
[Round "?.5"]
[White "Bauer, P."]
[Black "Gerusel, M."]
[Result "1-0"]
[WhiteElo "2310"]
[BlackElo "2390"]
[PlyCount "37"]
[EventDate "1986.??.??"]

1. e4 c5 2. Nf3 e6 3. d4 cxd4 4. Nxd4 a6 5. Nc3 Qc7 6. g3 Nc6 7. Bg2 Nf6 8. O-O
Be7 9. Re1 Nxd4 10. e5 Nc6 11. exf6 gxf6 12. Qg4 Ne5 13. Qg7 Ng6 14. Be4 Qe5
15. Bf4 Qh5 16. Nd5 exd5 17. Bxg6 hxg6 18. Rxe7+ Kd8 19. Re8+ 1-0

[Event "BL 8687 Porz-Sindelfingen"]
[Site "?"]
[Date "1986.??.??"]
[Round "?.6"]
[White "Schmidt, B."]
[Black "Runau, R."]
[Result "0-1"]
[WhiteElo "2340"]
[BlackElo "2285"]
[PlyCount "90"]
[EventDate "1986.??.??"]

1. Nf3 c5 2. g3 b6 3. Bg2 Bb7 4. O-O Nf6 5. d3 d6 6. e4 e6 7. Nh4 Be7 8. e5
Bxg2 9. exf6 Bxf1 10. fxe7 Qxe7 11. Kxf1 Nc6 12. Nc3 d5 13. Bd2 O-O 14. Qh5 Nd4
15. Rc1 Rae8 16. Ne2 g6 17. Qh6 Nxe2 18. Kxe2 Qf6 19. c3 e5 20. Qg5 Qc6 21. Kf1
f6 22. Qh6 Qb5 23. c4 Qd7 24. Qe3 f5 25. cxd5 Qxd5 26. Kg1 Qxa2 27. Bc3 Qd5 28.
Re1 Rf7 29. Bxe5 Rfe7 30. f4 Rd7 31. Rd1 Qb3 32. Qe2 b5 33. Nf3 a5 34. Rd2 a4
35. g4 fxg4 36. Ng5 Qd5 37. Ne4 Rf7 38. Qxg4 c4 39. Nc3 Qc6 40. d4 b4 41. Nd1
Qe4 42. Qg3 a3 43. bxa3 c3 44. Nf2 cxd2 45. Nxe4 d1=Q+ 0-1

[Event "BL 8687 Porz-Sindelfingen"]
[Site "?"]
[Date "1986.??.??"]
[Round "?.7"]
[White "Ullrich, F."]
[Black "Garcia Palermo, C."]
[Result "0-1"]
[WhiteElo "2235"]
[BlackElo "2515"]
[PlyCount "76"]
[EventDate "1986.??.??"]

1. c4 e5 2. Nc3 Nf6 3. Nf3 Nc6 4. e3 d6 5. d4 Nd7 6. Be2 g6 7. d5 Ne7 8. h4 h5
9. e4 a5 10. Rh3 Nc5 11. Rg3 Bg7 12. Be3 b6 13. Ng5 f6 14. Ne6 Nxe6 15. dxe6
Bxe6 16. Nd5 Bf7 17. Qa4+ Kf8 18. Qc2 Kg8 19. Kf1 Kh7 20. f4 Nxd5 21. cxd5 Re8
22. Bd3 Re7 23. fxe5 dxe5 24. Kg1 Qd6 25. Rc1 Rf8 26. Qe2 Be8 27. Bd2 c5 28.
dxc6 Bxc6 29. Bb1 Bb7 30. Be1 Bh6 31. Rd1 Qe6 32. Bf2 Rc8 33. Rf3 Rec7 34. Bg3
Rc1 35. Kh2 Rxd1 36. Qxd1 Rc1 37. Qd8 Bg7 38. Bd3 Rc8 0-1

[Event "BL 8687 Karlsruhe-Porz"]
[Site "?"]
[Date "1986.??.??"]
[Round "?.2"]
[White "Arnold, L."]
[Black "Heinbuch, D."]
[Result "0-1"]
[WhiteElo "2305"]
[BlackElo "2425"]
[PlyCount "86"]
[EventDate "1986.??.??"]

1. e4 c5 2. Nf3 Nc6 3. Bb5 g6 4. O-O Bg7 5. c3 Nf6 6. Re1 O-O 7. d4 cxd4 8.
cxd4 d5 9. e5 Ne4 10. Nc3 Nxc3 11. bxc3 Na5 12. Bg5 Be6 13. Qd2 Rc8 14. Rac1
Nc4 15. Qf4 Na3 16. Ba4 Bf5 17. Bh6 b5 18. Bb3 Rc6 19. h4 Qd7 20. Bxg7 Kxg7 21.
h5 a5 22. Kh2 a4 23. Bd1 Rfc8 24. Ng5 f6 25. Nf3 Be4 26. g4 g5 27. Nxg5 fxg5
28. Qxg5+ Kh8 29. f3 h6 30. Qf4 Bh7 31. Rg1 Qe6 32. Be2 Rg8 33. Qg3 Qf7 34. f4
e6 35. g5 Bf5 36. Qh4 Qe7 37. Rg2 b4 38. Bd1 Rxc3 39. Rxc3 bxc3 40. Bxa4 c2 41.
Rg1 Nc4 42. Qg3 hxg5 43. fxg5 Qxg5 0-1

[Event "BL 8687 Karlsruhe-Porz"]
[Site "?"]
[Date "1986.??.??"]
[Round "?.3"]
[White "Schulz, KJ."]
[Black "Werner, C."]
[Result "1-0"]
[WhiteElo "2440"]
[BlackElo "2225"]
[PlyCount "105"]
[EventDate "1986.??.??"]

1. Nf3 Nf6 2. g3 g6 3. Bg2 Bg7 4. d4 O-O 5. O-O d6 6. c4 Nbd7 7. Nc3 e5 8. e4
c6 9. h3 Qb6 10. Re1 Re8 11. Re2 Qb4 12. Rc2 exd4 13. Nxd4 Nc5 14. Bd2 Qb6 15.
Be3 Nfxe4 16. Nxe4 Nxe4 17. Ne6 c5 18. Nxg7 Kxg7 19. Re2 Bd7 20. Bxe4 Rxe4 21.
Bh6+ Kxh6 22. Qd2+ Kg7 23. Rxe4 h5 24. Kh2 Be6 25. Rae1 Rf8 26. b3 Qc6 27. Qc3+
Kg8 28. Qf6 Bf5 29. R4e3 Qc8 30. h4 Qd7 31. Rd1 Be6 32. Red3 Re8 33. Rxd6 Qe7
34. Qxe7 Rxe7 35. Re1 Rc7 36. f3 Kf8 37. Rd2 Rc8 38. Kg2 Rc6 39. Kf2 a5 40. Ke3
a4 41. Kf4 Ra6 42. g4 hxg4 43. fxg4 axb3 44. axb3 Ra3 45. Re3 Kg7 46. Rd6 Kf6
47. Rb6 Ra1 48. Rxb7 Rf1+ 49. Rf3 Rh1 50. g5+ Kg7 51. Ke5 Rxh4 52. Rg3 Bf5 53.
Kd6 1-0

[Event "BL 8687 Sindelfingen-Enger"]
[Site "?"]
[Date "1986.??.??"]
[Round "?.1"]
[White "Gruen, G."]
[Black "Fahnenschmidt, G."]
[Result "1/2-1/2"]
[WhiteElo "2410"]
[BlackElo "2340"]
[PlyCount "112"]
[EventDate "1986.??.??"]

1. d4 Nf6 2. Nf3 e6 3. c4 b6 4. g3 Bb4+ 5. Bd2 Be7 6. Bg2 Bb7 7. O-O O-O 8. Nc3
d5 9. cxd5 exd5 10. Ne5 c6 11. Qa4 b5 12. Qb3 Nbd7 13. Nd3 Qb6 14. e3 a5 15.
Rfc1 Rfe8 16. Re1 Rad8 17. Rad1 Bd6 18. Qc2 Ne4 19. Nxe4 dxe4 20. Nc5 Bxc5 21.
dxc5 Nxc5 22. Bxa5 Qxa5 23. Qxc5 Rd5 24. Qc2 c5 25. Bxe4 Rxd1 26. Bxh7+ Kh8 27.
Rxd1 Qb6 28. Bf5 Qc6 29. e4 g6 30. Bd7 Qxe4 31. Qxe4 Rxe4 32. Bxb5 Rb4 33. Be8
Bf3 34. Rd3 Be4 35. Re3 Bd5 36. b3 Rd4 37. Re1 Rd2 38. Ra1 Kg7 39. Bb5 Kf6 40.
Bc4 Bxc4 41. bxc4 Ke5 42. a4 Kd4 43. a5 Kxc4 44. a6 Rd8 45. a7 Ra8 46. Kf1 Kb3
47. Ke2 c4 48. Kd1 Kb2 49. Ra6 Rd8+ 50. Ke2 Re8+ 51. Kf3 Ra8 52. Rb6+ Kc2 53.
Rb7 c3 54. Rxf7 Kd2 55. Rd7+ Ke1 56. Rc7 Kd2 1/2-1/2

[Event "BL 8687 Sindelfingen-Enger"]
[Site "?"]
[Date "1986.??.??"]
[Round "?.2"]
[White "Eppinger, G."]
[Black "Fleck, J."]
[Result "0-1"]
[WhiteElo "2335"]
[BlackElo "2390"]
[PlyCount "84"]
[EventDate "1986.??.??"]

1. Nf3 d6 2. e4 Nf6 3. d3 g6 4. g3 Bg7 5. Bg2 O-O 6. O-O c5 7. c3 Nc6 8. a3 e5
9. b4 cxb4 10. axb4 b5 11. c4 bxc4 12. Qa4 Bb7 13. dxc4 Nxe4 14. Ng5 Nxg5 15.
Bxc6 Nf3+ 16. Kg2 Bxc6 17. Qxc6 Nd4 18. Qd5 Qb6 19. Bd2 Rfc8 20. Nc3 Qxb4 21.
Ra4 Qc5 22. Rb1 h6 23. Rb7 Qxd5+ 24. Nxd5 Bf8 25. Nc7 Rab8 26. Rxb8 Rxb8 27.
Rxa7 Rb2 28. Bc3 Rc2 29. Nd5 Kg7 30. Rc7 Ne6 31. Rc8 Ng5 32. c5 Ne4 33. cxd6
Rxf2+ 34. Kg1 Bxd6 35. Nc7 Bxc7 36. Rxc7 Rf5 37. Bb2 h5 38. Re7 Kf6 39. Re8 g5
40. Ba3 g4 41. Bb2 Ng5 42. Ba3 Nh3+ 0-1

[Event "BL 8687 Sindelfingen-Enger"]
[Site "?"]
[Date "1986.??.??"]
[Round "?.3"]
[White "Stertenbrink, G."]
[Black "Bialas, W."]
[Result "1-0"]
[WhiteElo "2225"]
[BlackElo "2345"]
[PlyCount "81"]
[EventDate "1986.??.??"]

1. e4 g6 2. d4 Bg7 3. Be3 d6 4. Qd2 c5 5. Ne2 Nd7 6. Nbc3 Rb8 7. dxc5 dxc5 8.
Bf4 e5 9. Bg5 f6 10. Be3 Ne7 11. Nb5 Nc6 12. O-O-O O-O 13. Qd5+ Kh8 14. Nd6 Nb6
15. Qxc5 Be6 16. Nb5 Qxd1+ 17. Kxd1 Rfd8+ 18. Kc1 Bf8 19. Qc3 Bb4 20. Bxb6 axb6
21. Qf3 Bd2+ 22. Kb1 Bg5 23. Nec3 h5 24. h3 Rd2 25. Bd3 Nb4 26. Rd1 Rxd1+ 27.
Qxd1 Rd8 28. Nc7 Bf7 29. Qf3 Nc6 30. N7d5 Nd4 31. Qd1 Rd6 32. g3 Kg7 33. a3 Be6
34. f4 Bh6 35. Qf1 exf4 36. gxf4 f5 37. Qf2 Nc6 38. Qxb6 fxe4 39. Bxe4 Bxh3 40.
Qxb7+ Bd7 41. Qc7 1-0

[Event "BL 8687 Sindelfingen-Enger"]
[Site "?"]
[Date "1986.??.??"]
[Round "?.4"]
[White "Gruenenwald, J."]
[Black "Pieper Emden, C."]
[Result "1-0"]
[WhiteElo "2290"]
[BlackElo "2335"]
[PlyCount "73"]
[EventDate "1986.??.??"]

1. e4 c5 2. Nf3 d6 3. d4 cxd4 4. Nxd4 Nf6 5. Nc3 e6 6. g4 h6 7. h4 Nc6 8. Rg1
Nd7 9. h5 Nxd4 10. Qxd4 Ne5 11. Be2 Nc6 12. Qd3 a6 13. Be3 b5 14. f4 Bb7 15.
Bf3 Rc8 16. O-O-O Qc7 17. Kb1 Na5 18. Ne2 Nc4 19. Bc1 Nb6 20. b3 d5 21. Bb2
dxe4 22. Bxe4 Nd5 23. Qf3 Qa5 24. Bxd5 Bxd5 25. Qd3 Rd8 26. f5 Qc7 27. fxe6
Bxe6 28. Qe4 Bc5 29. Rxd8+ Kxd8 30. Rd1+ Ke7 31. Nf4 Rd8 32. Nd5+ Rxd5 33. Rxd5
Qg3 34. Rd1 Qxg4 35. Qb7+ Kf8 36. Qb8+ Bc8 37. Qe5 1-0